Statystyki dla Najczęstsze imiona papieskie

Kliknij tutaj aby rozwiązać quiz!

Ogólne statystyki

  • Ten quiz został rozwiązany 2 082 razy
  • Średni wynik to 5 z 16

Statystyki odpowiedzi

papież% Poprawnych
Jan (21)
97%
Pawel (6)
93%
Benedykt (15)
79%
Pius (12)
62%
Grzegorz (16)
43%
Urban (8)
29%
Leon (13)
28%
Innocenty (13)
20%
Klemens (14)
19%
Aleksander (7)
18%
Bonifacy (8)
13%
Mikolaj (5)
12%
Sykstus (5)
12%
Stefan (9)
10%
Hadrian (6)
7%
Celestyn (5)
6%

Rozkład punktacji

Percentyl według liczby udzielonych odpowiedzi

Procent ludzi z każdym wynikiem

Twoja historia wyników

Nie rozwiązałeś tego quizu